The all-girl filling station's last reunion : (Record no. 590683)

000 -LEADER
fixed length control field 01758cam a22004095i 4500
001 - CONTROL NUMBER
control field 18243923
003 - CONTROL NUMBER IDENTIFIER
control field NUST
005 - DATE AND TIME OF LATEST TRANSACTION
control field 20220825122509.0
008 - FIXED-LENGTH DATA ELEMENTS--GENERAL INFORMATION
fixed length control field 140728s2014 nyu 000 1 eng
010 ## - LIBRARY OF CONGRESS CONTROL NUMBER
LC control number 2014378814
020 ## - INTERNATIONAL STANDARD BOOK NUMBER
International Standard Book Number 9780812977172 (pbk.)
020 ## - INTERNATIONAL STANDARD BOOK NUMBER
International Standard Book Number 0812977173 (pbk.)
038 ## - RECORD CONTENT LICENSOR
Staff Name Azhar
040 ## - CATALOGING SOURCE
Original cataloging agency DLC
Language of cataloging eng
Description conventions rda
Transcribing agency DLC
042 ## - AUTHENTICATION CODE
Authentication code pcc
050 00 - LIBRARY OF CONGRESS CALL NUMBER
Classification number PS3556.L26
Item number A45 2014
082 00 - DEWEY DECIMAL CLASSIFICATION NUMBER
Classification number 813.54
Edition number 23
Author Mark FLA
100 1# - MAIN ENTRY--PERSONAL NAME
Personal name Flagg, Fannie
9 (RLIN) 95409
245 14 - TITLE STATEMENT
Title The all-girl filling station's last reunion :
Remainder of title a novel
Statement of responsibility, etc. Fannie Flagg.
250 ## - EDITION STATEMENT
Edition statement Random House Trade Paperback edition.
260 ## - PUBLICATION, DISTRIBUTION, ETC.
Place of publication, distribution, etc. New York :
Name of publisher, distributor, etc. Random House,
Date of publication, distribution, etc. 2014
264 #1 - PRODUCTION, PUBLICATION, DISTRIBUTION, MANUFACTURE, AND COPYRIGHT NOTICE
Date of production, publication, distribution, manufacture, or copyright notice 2014
300 ## - PHYSICAL DESCRIPTION
Extent 367 pages ;
Dimensions 21 cm
336 ## - CONTENT TYPE
Content type term text
Content type code txt
Source rdacontent
337 ## - MEDIA TYPE
Media type term unmediated
Media type code n
Source rdamedia
338 ## - CARRIER TYPE
Carrier type term volume
Carrier type code nc
Source rdacarrier
520 ## - SUMMARY, ETC.
Summary, etc. "Spanning decades, generations, and America in the 1940s and today, The All-Girl Filling Station's Last Reunion is a fun-loving mystery about an Alabama woman today, and five women who in 1943 worked in a Phillips 66 gas station, during the WWII years. Like Fannie Flagg's classic Fried Green Tomatoes, this is a riveting, fun story of two families, set in present day America and during World War II, filled to the brim with Flagg's trademark funny voice and storytelling magic"--
Assigning source Provided by publisher.
650 #0 - SUBJECT ADDED ENTRY--TOPICAL TERM
Topical term or geographic name entry element Women
Form subdivision Fiction.
9 (RLIN) 95410
650 #0 - SUBJECT ADDED ENTRY--TOPICAL TERM
Topical term or geographic name entry element Female friendship
Form subdivision Fiction.
650 #0 - SUBJECT ADDED ENTRY--TOPICAL TERM
Topical term or geographic name entry element Family secrets
Form subdivision Fiction.
9 (RLIN) 95411
650 #0 - SUBJECT ADDED ENTRY--TOPICAL TERM
Topical term or geographic name entry element Service stations
Form subdivision Fiction.
9 (RLIN) 95412
655 #0 - INDEX TERM--GENRE/FORM
Genre/form data or focus term Domestic fiction.
655 #7 - INDEX TERM--GENRE/FORM
Genre/form data or focus term Historical fiction.
Source of term gsafd
906 ## - LOCAL DATA ELEMENT F, LDF (RLIN)
a 7
b cbc
c origres
d 2
e ncip
f 20
g y-gencatlg
942 ## - ADDED ENTRY ELEMENTS (KOHA)
Source of classification or shelving scheme
Koha item type Lincoln Corner
Holdings
Withdrawn status Lost status Source of classification or shelving scheme Damaged status Not for loan Permanent Location Current Location Shelving location Date acquired Full call number Barcode Date last seen Price effective from Koha item type
          Central Library (CL) Central Library (CL) Lincoln Corner 07/26/2022 813.54 FLA LC-251 07/26/2022 07/26/2022 Reference
© 2023 Central Library, National University of Sciences and Technology. All Rights Reserved.